01490nam a2200289 a 450000100100000000500170001000800410002702000150006804000250008308200200010810000310012824500990015926000360025830000280029450000640032259000260038665000270041265000310043970000390047091000370050995201320054695201320067895201320081095201180094295201230106099900170118300001227020240530073913.0091110s2000 dr a r 000 f spa d a8484009548 aDO-SdBNPbspacBNPHU aRD863.44bD668m1 aDomenech Soto, Elba92492110aMar de sangre :buna historia hecha novela /cElba Domenech Soto ; prólogo Efrem Ballenilla. aSanto Domingo :bTaller,c2000. a143 p. :bil. ;c21 cm. aIncluye datos biográficos del autor en la contracubierta. aInventariado, 2019/VM 0aNovela dominicana9223 0aLiteratura dominicana.96712aBallenilla, Efrem,epról.928918 aValidado. Control de calidad MFF 001054708DSaGRbGRcHDd2010-02-02iLF1l0oRD863.44 D668mp12270-30r2020-06-25te.3w2020-06-25yLFDSZPréstamo en sala 001054708DSaGRbGRcHDd2010-02-02iLF1l0oRD863.44 D668mp12270-40r2020-06-25te.4w2020-06-25yLFDSZPréstamo en sala 001154708DSaGRbGRcMId2010-02-02iLF1l0oRD863.44 D668mp12270-50r2020-06-25te.5w2020-06-25yLFDSZPréstamo en sala 0010718PDaPDbPDcHDd2009-11-10iLF1l0oRD863.44 D668mp12270-10r2020-06-25w2020-06-25yLFPDZNo se presta 0010718PDaPDbPDcHDd2009-11-10iLF1l0oRD863.44 D668mp12270-20r2020-06-25te.2w2020-06-25yLFPDZNo se presta c11928d11928